000 00714nam a22002297a 4500
001 1231
005 20230808162346.0
008 230808b cb ||||| |||| 00| 0 eng d
020 _a9781445462998
040 _aFISKH
_beng
_cFISKH
_dFISKH
050 _aPZ8.B815
082 _a813.52
100 _aBrown, Margaret Wise
245 _aCount to 10 with a mouse
_cIllustrated by Kirsten Richards by Margaret Wise Brown author of goodnight moon
260 _aBath :
_bParragon,
_c2012.
300 _a26 unnumbered pages :
_c30 cm.
505 _aB
520 _aLearn to count with Mouse as he explores the pages of this book.
521 _a50
_bLexile estimate
521 _aB
_bRaz-Plus
942 _2ddc
_cBK
_n0
999 _c1231
_d1231